00597nam a2200169Ia 4500003000900000008004100009020001800050040001600068080001600084100001800100245016300118260004200281300001400323650004100337650002400378650002500402IN-BaIIA211028s9999 xx 000 0 eng d a0-442-25584-5 cIIA Library a(035)5bVNR aMoses, Alfred 4aThe Practicing Scientist's Handbook A Guide for Physical and Terrestrial Scientists and EngineerscAlfred Moses  aNew YorkbVan Nostrand Reinholdc1978 ax, 1292p. aAstronomy and Astrophysics Thesaurus aHandbooks-Engineers aHandbooks-Scientists